000 00748cam a2200253 4500500
005 20260405003831.0
041 _afre
042 _adc
100 1 0 _aEnjalbert, Cédric
_eauthor
700 1 0 _aNicolas, Ariane
_eauthor
245 0 0 _aMatthieu Barbin, alias Sara Forever-Olivia Gazalé : légèrement graves
260 _c2024.
500 _a82
690 _aDrag
690 _aHumeur
690 _aHumour
690 _aOlivia Gazalé
690 _aPerformativité
690 _aQueer
690 _aRire
690 _aTransformisme
786 0 _nPhilosophie magazine | 178 | 4 | 2024-04-01 | p. 34-35 | 1951-1787
856 4 1 _uhttps://shs.cairn.info/magazine-philosophie-magazine-2024-4-page-34?lang=fr&redirect-ssocas=7080
999 _c2071292
_d2071293